| 000 | 00825nam a2200277 a 4500 | ||
|---|---|---|---|
| 008 | |||
| 020 | _a0871504707 (pbk.) | ||
| 049 | _aMAIN | ||
| 090 | _aQA276.4 | ||
| 100 | 1 | _aRyan, Thomas A. | |
| 245 | 1 | 0 |
_aMinitab student handbook / _cThomas A. Ryan, Brian L. Joiner and Barbara F. Ryan. |
| 250 | _a2nd ed. | ||
| 260 |
_aBoston, Mass. : _bDuxbury Press, _cc1985. |
||
| 300 |
_aix, 379 p. ; _c24 cm. |
||
| 504 | _aIncludes bibliographical references. | ||
| 500 | _aIncludes index. | ||
| 650 | 0 |
_aEducation _xData processing. |
|
| 650 | 0 | _aMinitab (Computer system). | |
| 700 | 1 | _aJoiner, Brian L. | |
| 700 | 1 | _aRyan, Barbara F. | |
| 907 |
_a.b10155053 _b01-03-05 _c28-02-05 |
||
| 003 | |||
| 005 | 20230123133933.0 | ||
| 040 | _cNUST | ||
| 942 |
_cBOOKS _kQA276.4 |
||
| 999 |
_c157200 _d157200 |
||